| 000 | 00404nam a22001457a 4500 | ||
|---|---|---|---|
| 008 | 210607b ||||| |||| 00| 0 eng d | ||
| 020 | _a9780536090232 | ||
| 041 | _aeng | ||
| 080 |
_22nd _a37 |
||
| 082 | _a37 | ||
| 100 | _a46 | ||
| 101 | _aEDU | ||
| 245 |
_aCollege & University Curriculum Placing Learning at the Epicenter of Courses, Programs and Institutions _cClifton F. Conrad |
||
| 942 |
_2udc _cBK |
||
| 999 |
_c58039 _d58039 |
||